[Event "Bundesliga 9394"]
[Site "Germany"]
[Date "1994.??.??"]
[Round "?"]
[White "Klimm, Wolf Dietrich"]
[Black "Stern, Rene"]
[Result "0-1"]
[WhiteElo "2250"]
[BlackElo "2385"]

1.Nf3 d5 2.g3 Nf6 3.Bg2 e6 4.O-O Be7 5.d4 O-O 6.Nbd2 c5 7.dxc5 Bxc5 8.c4 Nc6
9.cxd5 exd5 10.Nb3 Bb6 11.Nbd4 Re8 12.b3 Bg4 13.Bb2 Rc8 14.a3 Ne4 15.Nxc6 bxc6
16.Ne5 Nxf2 17.Rxf2 Bxf2+ 18.Kxf2 Qf6+ 19.Bf3 Bxf3 20.exf3 Rxe5 21.f4 Rce8
22.Bxe5 Rxe5 23.Rc1 Re4 24.Rc2 g6 25.b4 h5 26.h4 Qe6 27.Qf3 Qh3 28.Qg2 Qxg2+
29.Kxg2 Re6 30.Kf3 Kf8 31.Rc5 Ke7 32.f5 gxf5 33.b5 cxb5 34.Rxd5 Rb6 35.Rxf5 Rf6  0-1

[Event "Bundesliga 9394"]
[Site "Germany"]
[Date "1994.??.??"]
[Round "?"]
[White "Bagirov, Vladimir"]
[Black "Dokhoian, Yury"]
[Result "1/2-1/2"]
[WhiteElo "2525"]
[BlackElo "2570"]

1.Nf3 d5 2.g3 c5 3.Bg2 Nc6 4.d4 Nf6 5.O-O e6 6.b3 Be7 7.Bb2 O-O 8.Nbd2 b6
9.c4 dxc4 10.dxc5 Nd5 11.Nd4 Nxd4 12.Bxd4 Bb7 13.Nxc4 b5 14.Ne3  1/2-1/2

[Event "Oberliga Nord W9394"]
[Site "Germany"]
[Date "1994.??.??"]
[Round "?"]
[White "Geveke, Michael"]
[Black "Lau, Udo"]
[Result "1/2-1/2"]
[WhiteElo "2345"]
[BlackElo "2260"]

1.Nf3 d5 2.g3 c5 3.Bg2 Nc6 4.d4 cxd4 5.Nxd4 e5 6.Nxc6 bxc6 7.c4 Be6 8.Nc3 Bb4
9.Qa4 Bxc3+ 10.bxc3 Ne7 11.cxd5 Bxd5 12.e4 Be6 13.Ba3 Qd3 14.Qb4 Nc8 15.Rd1 Qb5
16.Rd2 Qxb4 17.Bxb4 Nb6 18.Bf1 Nc4 19.Bxc4 Bxc4 20.Rd6 a5 21.Ba3 O-O  1/2-1/2

[Event "Oberliga Nord W9394"]
[Site "Germany"]
[Date "1994.??.??"]
[Round "?"]
[White "Clemens, Christian"]
[Black "Jolowicz, Matias"]
[Result "0-1"]
[WhiteElo "2380"]
[BlackElo "2265"]

1.g3 d5 2.Nf3 c6 3.Bg2 Bg4 4.c4 e6 5.cxd5 exd5 6.O-O Nf6 7.d3 Be7 8.Ne5 Bh5
9.Qc2 O-O 10.e4 Na6 11.a3 Qa5 12.Bf4 Rfe8 13.Nc3 dxe4 14.dxe4 g5 15.Nc4 Qc5
16.Na4 Qb5 17.Bd6 Bg6 18.Rfe1 c5 19.f4 gxf4 20.gxf4 Qd7 21.Rad1 Qg4 22.Ne5 Qh4
23.Nf3 Qh6 24.f5 Bh5 25.e5 Ng4 26.Bxe7 Rxe7 27.f6 Ree8 28.Rd7 Qf4 29.Qe4 Qxe4
30.Rxe4 Nxf6 31.Rh4 Bxf3 32.exf6 Bxg2 33.Kxg2 Re6 34.Rg4+ Kf8 35.Rg7 Rxf6
36.Rxh7 Rb8 37.Rh8+ Kg7 38.Rxb8  0-1

[Event "Oberliga Nord N9394"]
[Site "Germany"]
[Date "1994.??.??"]
[Round "?"]
[White "Petrosian, Arshak B"]
[Black "Lamprecht, Frank"]
[Result "1/2-1/2"]
[WhiteElo "2455"]
[BlackElo "2340"]

1.Nf3 d5 2.g3 Nf6 3.Bg2 g6 4.d4 Bg7 5.c4 c6 6.Qb3 O-O 7.Nc3 Qb6 8.O-O Rd8
9.c5 Qxb3 10.axb3 Na6 11.Bf4 Nd7 12.Ra3 Re8 13.Bh3 f5 14.Rc1 e5 15.Nxe5 Nxe5
16.dxe5 h6 17.Be3 Rxe5 18.Bd4 Re8 19.e3 Bf8 20.Bf1 Nc7 21.b4 Bd7 22.f4  1/2-1/2

[Event "Oberliga Nord N9394"]
[Site "Germany"]
[Date "1994.??.??"]
[Round "?"]
[White "Junge, Kai"]
[Black "Nissen, Claus"]
[Result "1-0"]
[WhiteElo "2265"]
[BlackElo "2310"]

1.Nf3 d5 2.g3 c5 3.Bg2 Nc6 4.O-O Nf6 5.d3 e6 6.Nbd2 Be7 7.e4 O-O 8.Re1 Qc7
9.e5 Nd7 10.Qe2 f6 11.exf6 Rxf6 12.Nf1 Nf8 13.Bf4 Rxf4 14.gxf4 Ng6 15.Ne5 Nxf4
16.Qf3 Bd6 17.Qxf4 Bxe5 18.Qc1 Bd7 19.c3 Rf8 20.Ng3 Bf4 21.Qd1 Ne5 22.d4 Ng6
23.Qh5 Bd2 24.Red1 Qf4 25.Qe2 Nh4 26.Rxd2 Nxg2 27.Kxg2 e5 28.Qe3 Qh4 29.Qxe5 Bg4
30.f4 h5 31.Rf2 Qh3+ 32.Kg1 h4 33.Nh5  1-0

[Event "BL2-S9394"]
[Site "Germany"]
[Date "1994.??.??"]
[Round "?"]
[White "Schulze, Eberhard"]
[Black "Migl, Dieter"]
[Result "0-1"]
[WhiteElo "2260"]
[BlackElo "2265"]

1.Nf3 d5 2.g3 c5 3.Bg2 Nc6 4.d4 e6 5.O-O Nf6 6.c4 Be7 7.Nc3 O-O 8.cxd5 exd5
9.Bg5 cxd4 10.Nxd4 h6 11.Be3 Re8 12.Qa4 Na5 13.Rad1 Nc4 14.Bc1 Nb6 15.Qc2 Bg4
16.Nf5 Bb4 17.Ne3 Be6 18.Nexd5 Nbxd5 19.Nxd5 Nxd5 20.e4 Qc7 21.Qa4 b5 22.Qxb5 Rab8
23.Qa4 Nf6 24.Bf4 Qb6 25.a3 Bc5 26.b4 Bxf2+ 27.Rxf2 Ng4 28.Rd2 Nxf2 29.Rxf2 Rbc8
30.h4 Red8 31.Bf3 Rc3 32.Kg2 Bh3+  0-1

[Event "BL2-S9394"]
[Site "Germany"]
[Date "1994.??.??"]
[Round "?"]
[White "Schulze, Ulrich"]
[Black "Bachmayr, Peter"]
[Result "1-0"]
[WhiteElo "2410"]
[BlackElo "2270"]

1.Nf3 d5 2.g3 c5 3.Bg2 Nc6 4.d4 Nf6 5.O-O e6 6.c4 Be7 7.cxd5 exd5 8.Nc3 O-O
9.dxc5 Bxc5 10.Na4 Be7 11.Be3 Ne4 12.Rc1 Be6 13.Nd4 Nxd4 14.Bxd4 Qa5 15.a3 Rac8
16.Nc3 Rcd8 17.e3 Bf6 18.Bxf6 Nxf6 19.Qd4 Rc8 20.Ne2 Rc6 21.Nf4 Rfc8 22.Rxc6 bxc6
23.Nxe6 fxe6 24.Bh3 Kf7 25.Qe5 Re8 26.Rc1 c5 27.b4 Qxa3 28.Ra1 Qxb4 29.Bxe6+ Kf8
30.Rxa7 Qb1+ 31.Kg2 Qe4+ 32.Qxe4 Nxe4 33.Bxd5 Re5 34.Ba2 Re7 35.Ra8+ Re8
36.Rxe8+ Kxe8 37.Bb1 Nf6 38.e4 h6 39.f4 Ke7 40.Kf3 Nd7 41.Ba2 Nb6 42.Ke3 Kf6
43.g4 Ke7 44.e5 Kf8 45.Ke4 Ke7 46.h4 Kd7 47.g5 hxg5 48.hxg5 Ke7 49.f5 Na4
50.f6+ Kf8 51.Kf5 Nb6 52.e6 gxf6 53.gxf6 c4 54.Kg6  1-0

[Event "BL2-S9394"]
[Site "Germany"]
[Date "1994.??.??"]
[Round "?"]
[White "Schulze, Ulrich"]
[Black "Gerstner, Wolfgang"]
[Result "1-0"]
[WhiteElo "2410"]
[BlackElo "2380"]

1.Nf3 d5 2.g3 Bg4 3.Bg2 Nd7 4.c4 e6 5.cxd5 exd5 6.O-O c6 7.d3 Bc5 8.Qb3 Qb6
9.Qc2 Bxf3 10.Bxf3 Ne7 11.Nc3 Bd4 12.Bg5 f6 13.Bd2 O-O 14.e3 Be5 15.d4 Bd6
16.e4 Qxd4 17.Be3 Qe5 18.Bf4 Qe6 19.exd5 Nxd5 20.Nxd5 cxd5 21.Qb3 Nb6 22.Rfe1 Be5
23.Rad1 Rad8 24.a4 Qf7 25.Bd2 d4 26.Qb5 Qc4 27.Bxb7 Qxa4 28.Qxa4 Nxa4 29.f4 Bd6
30.b3 Nc3 31.Ra1 Bc5 32.Kf1 Rb8 33.Ba6 Rfe8 34.Bc4+ Kf8 35.f5 Rxe1+ 36.Rxe1 Bd6
37.Re6 Rb6 38.Bc1 Be7 39.Re1 a5 40.Bf4 g5 41.Bc7 Rc6 42.Bxa5 Rc5 43.Bb6 Rxf5+
44.Kg2 Re5 45.Ra1 Bc5 46.Ra8+ Ke7 47.Bd8+ Kd7 48.Bxf6 Rf5 49.Rd8+ Kc7 50.Rc8+ Kd6
51.Bg7 Nd5 52.g4 Ne3+ 53.Kg3 Rf4 54.Be2 Bb6 55.Rf8 d3 56.Bxd3 Rxg4+ 57.Kf3 Rh4
58.Rf6+ Kc7 59.Rf7+ Kd6 60.Bf8+ Ke6 61.Re7+ Kf6 62.Rxh7 Rf4+ 63.Ke2 Nf5 64.Bxf5 Rxf5
65.Rh6+ Kf7 66.Rxb6 Kxf8 67.Re6 g4 68.Re4 Rh5 69.Kd3 Rh4 70.Kc4 Kf7 71.b4 Kf6
72.h3 Rxh3 73.Rxg4 Ke5 74.Rd4 Rh1 75.Rd2  1-0

[Event "BL2-S9394"]
[Site "Germany"]
[Date "1994.??.??"]
[Round "?"]
[White "Tompa, Janos"]
[Black "Petrosian, Karen"]
[Result "1/2-1/2"]
[WhiteElo "2450"]
[BlackElo "2405"]

1.Nf3 d5 2.g3 c6 3.Bg2 Nf6 4.b3 Bg4 5.Bb2 Nbd7 6.c4 e6 7.O-O Be7 8.d3 Bxf3
9.Bxf3 h5 10.Nd2 h4 11.cxd5 exd5 12.e4 hxg3 13.hxg3 Nc5 14.e5 Nfd7 15.Qe2 Ne6
16.Kg2 Bb4 17.Bg4 Bxd2 18.Qxd2 Qe7 19.f4 g6 20.Rh1 O-O-O 21.Rxh8 Rxh8 22.Rh1 Rxh1
23.Kxh1 b6 24.d4 Kb7 25.Bc3 f5 26.Bh3 Qh7 27.Kg2 Qh5 28.Qd3 Qh6 29.Bd2 Ndf8
30.Bb4 Nd7 31.Bd6 Qh5 32.a4 a6 33.Ba3 Qh6 34.Bc1 Ndf8 35.Ba3 Nd7 36.Bc1 Ndf8
37.Be3 Qh5 38.Qd2 a5 39.Qd3 Ng7 40.Bf2 g5 41.Bxf5 g4 42.Bc8+ Kxc8 43.Qa6+ Kd8
44.Qxb6+ Ke8 45.Qxc6+ Kf7 46.Qxd5+ Nfe6 47.Kg1 Qf5 48.Qd7+ Kg6 49.d5 Qb1+
50.Kg2 Qe4+ 51.Kg1 Qb1+ 52.Kg2 Qe4+  1/2-1/2

[Event "BL2-W9394"]
[Site "Germany"]
[Date "1994.??.??"]
[Round "?"]
[White "Grimm, Sascha"]
[Black "Baumhus, Reinhard"]
[Result "0-1"]
[WhiteElo "2320"]
[BlackElo "2360"]

1.Nf3 d5 2.g3 Nc6 3.d4 Bf5 4.Bg2 Nb4 5.Na3 e6 6.c3 Nc6 7.b3 Nf6 8.Bb2 Be7
9.O-O O-O 10.Nc2 Re8 11.Ne5 Nxe5 12.dxe5 Nd7 13.c4 c6 14.Nd4 Bg6 15.cxd5 cxd5
16.f4 Qb6 17.Kh1 Nc5 18.f5 exf5 19.Nxf5 Ne4 20.Bxe4 dxe4 21.Qd5 e3 22.Bd4 Rad8
23.Qc4 Qa5 24.e6 Qd5+ 25.Qxd5 Rxd5 26.exf7+ Bxf7 27.Bxa7 Bf6 28.Rad1 Ra8
29.Bxe3 Rxa2 30.Nd4 Ra8 31.Kg1 Rad8 32.Rf4 Bg5 33.Rdf1 Re8 34.Bf2 Bxf4 35.gxf4 Bg6
36.e3 Be4 37.h3 Rd6 38.Kh2 Ra8 39.f5 Rd5 40.Be1 Ra2+ 41.Kg3 g5 42.fxg6 hxg6
43.Kf4 Bd3 44.Rf2 Ra1 45.Bc3 Rg1 46.e4 Rh5 47.Ne6 Rf1 48.Rxf1 Bxf1 49.Ng5 Bxh3
50.Bf6 Bg2 51.Ke5 Rh1 52.Kd4 Rf1 53.e5 Rb1 54.Kc4 Rd1 55.b4 Kf8 56.Kc5 Rc1+
57.Kd6 Ke8 58.b5 Rd1+ 59.Kc7 Bd5 60.b6 Rc1+ 61.Kb8 Rc6 62.Ka7 Kd7 63.e6+ Bxe6
64.Kxb7 Bd5 65.Bg7 Rc5+ 66.Ka6 Bc4+ 67.Ka7 Ra5+ 68.Kb8 Rxg5 69.b7 Ra5 70.Bc3 Ra4  0-1

[Event "BL2-W9394"]
[Site "Germany"]
[Date "1994.??.??"]
[Round "?"]
[White "Grimm, Sascha"]
[Black "Klingelhoefer, Stefan"]
[Result "1/2-1/2"]
[WhiteElo "2320"]
[BlackElo "2275"]

1.Nf3 d5 2.g3 Nf6 3.Bg2 e6 4.O-O Be7 5.d3 O-O 6.Nbd2 c5 7.e4 b5 8.e5 Nfd7
9.Re1 a5 10.Nf1 Ba6 11.h4 b4 12.N1h2 a4 13.Ng5 Nc6 14.Bf4 Qe8 15.c4 bxc3
16.bxc3 h6 17.Ngf3 f5 18.exf6 Bxf6 19.d4 cxd4 20.cxd4 Bc4 21.Bh3 Nd8 22.Bc7 Ra6
23.Ng4 Qf7 24.Bf4 Qh5 25.Nfe5 Qe8 26.Nxc4 dxc4 27.Rc1 Bxh4 28.Rxc4 Nb6 29.Rc7 Rxf4
30.gxf4 Nd5 31.Rc5 Qg6 32.f5 exf5 33.Rxd5 fxg4 34.Qxg4 Qxg4+ 35.Bxg4 Rg6
36.f3 Bxe1 37.Rxd8+ Kf7 38.Kf1 Bd2 39.Bh5 Ke7 40.Ra8 Rg5 41.Be8 Rd5 42.Bxa4 Rxd4  1/2-1/2

[Event "BL2-W9394"]
[Site "Germany"]
[Date "1994.??.??"]
[Round "?"]
[White "Kengis, Edvins"]
[Black "Dautov, Rustem"]
[Result "1/2-1/2"]
[WhiteElo "2565"]
[BlackElo "2625"]

1.Nf3 d5 2.g3 c6 3.Bg2 Bg4 4.b3 Nd7 5.Bb2 Ngf6 6.c4 e6 7.O-O Bd6 8.d4 O-O
9.Nbd2 Qe7 10.Ne5 Bf5 11.a3 a5 12.Nxd7 Qxd7 13.Nf3 h6 14.e3 Be4 15.Qe2 b6  1/2-1/2

[Event "NRW-Liga II 9394"]
[Site "Germany"]
[Date "1994.??.??"]
[Round "?"]
[White "Stoeber, Michael"]
[Black "Trzaska, Peter"]
[Result "1-0"]
[WhiteElo "2235"]
[BlackElo "2245"]

1.Nf3 d5 2.g3 c6 3.Bg2 Bf5 4.O-O Nf6 5.c4 e6 6.cxd5 exd5 7.d3 h6 8.Nc3 Be7
9.Qb3 Qb6 10.Qxb6 axb6 11.e4 dxe4 12.Nd4 Bh7 13.dxe4 O-O 14.h3 Rd8 15.Be3 Bc5
16.Rad1 Nbd7 17.f4 Bb4 18.Nde2 Nc5 19.e5 Bxc3 20.Nxc3 Nfe4 21.Nxe4 Bxe4 22.Bxe4 Nxe4
23.a3 Nxg3 24.Bxb6 Rxd1 25.Rxd1 Ne2+ 26.Kf2 Nxf4 27.Rd7 Re8 28.Rxb7 Rxe5
29.a4 Re2+ 30.Kg3 Nd5 31.Bc5 Rc2 32.b4 Rc3+ 33.Kh2 Nf4 34.a5 Rxh3+ 35.Kg1 Ra3
36.Rb6 g5 37.a6 Kh7 38.Rxc6 Ne6 39.Bf2 g4 40.a7 g3 41.Be3 Ra2 42.b5 Ng5 43.Bxg5 Rxa7
44.Rxh6+ Kg7 45.Ra6 Rd7 46.Bf6+ Kg6 47.b6 Rd6 48.Be5  1-0

[Event "NRW-Liga I 9394"]
[Site "Germany"]
[Date "1994.??.??"]
[Round "?"]
[White "Molinaroli, Martin"]
[Black "Schischke, Reinhard"]
[Result "0-1"]
[WhiteElo "2290"]
[BlackElo "2345"]

1.Nf3 d5 2.g3 c6 3.Bg2 Bg4 4.O-O Nd7 5.d4 e6 6.Nbd2 f5 7.c4 Bd6 8.b3 Ngf6
9.Bb2 Ne4 10.Ne5 Nxe5 11.dxe5 Bc5 12.Nxe4 fxe4 13.Qc2 Rc8 14.Kh1 O-O 15.Rad1 Bf5
16.e3 Qg5 17.Bd4 b6 18.Bxc5 bxc5 19.Qc3 Bg4 20.Rd2 Qh5 21.Qa5 Bf3 22.Qxc5 Qh3
23.Rg1 Rf5  0-1

[Event "Bundesliga 9394"]
[Site "Germany"]
[Date "1994.??.??"]
[Round "?"]
[White "Vaganian, Rafael A"]
[Black "Raupp, Thomas"]
[Result "1-0"]
[WhiteElo "2625"]
[BlackElo "2370"]

1.Nf3 d5 2.g3 Nf6 3.Bg2 c6 4.O-O Bg4 5.d3 Nbd7 6.Nbd2 e5 7.e4 dxe4 8.dxe4 Bc5
9.h3 Bh5 10.Qe1 Qc7 11.Nc4 Bxf3 12.Bxf3 O-O 13.b4 Be7 14.Bb2 b5 15.Ne3 a5
16.a3 Rfe8 17.Bc3 axb4 18.axb4 Nb6 19.Qe2 Nfd7 20.h4 Bf8 21.Bg2 g6 22.Bh3 Nf6
23.Qf3 Bg7 24.Rfd1 Rxa1 25.Rxa1 Rd8 26.Bf1 Ne8 27.h5 f5 28.hxg6 hxg6 29.Bd3 f4
30.Ng4 Na4 31.Bd2 Qf7 32.gxf4 exf4 33.e5 Nb2 34.Qxc6 Nxd3 35.cxd3 Qf5 36.f3 Qxd3
37.Bc3  1-0

[Event "Bundesliga 9394"]
[Site "Germany"]
[Date "1994.??.??"]
[Round "?"]
[White "Troyke, Christian"]
[Black "Tischbierek, Raj"]
[Result "1/2-1/2"]
[WhiteElo "2375"]
[BlackElo "2490"]

1.g3 d5 2.Nf3 g6 3.Bg2 Bg7 4.d4 e6 5.O-O Ne7 6.Nbd2 Nbc6 7.c3 f5 8.Nb3 O-O
9.Bf4 b6 10.Qd2 Ba6 11.Qe3 Qd7 12.Nc1 Nc8 13.Nd3 Nd6 14.b3 Nf7 15.Nfe5 Ncxe5
16.Nxe5 Nxe5 17.Bxe5 Bxe5 18.Qxe5  1/2-1/2

[Event "Bundesliga 9394"]
[Site "Germany"]
[Date "1994.??.??"]
[Round "?"]
[White "Troyke, Christian"]
[Black "Stern, Rene"]
[Result "1/2-1/2"]
[WhiteElo "2375"]
[BlackElo "2385"]

1.Nf3 d5 2.g3 Nf6 3.Bg2 e6 4.O-O Be7 5.d4 O-O 6.c4 Nbd7 7.Nbd2 c6 8.Qc2 b6
9.e4 Bb7 10.b3 Rc8 11.Bb2 c5 12.exd5 exd5 13.dxc5 dxc4 14.Nxc4 b5 15.Nce5 Nxe5
16.Bxe5 Rxc5 17.Qe2 Re8 18.Rfe1 Bc6 19.Qb2 Qa8 20.Nh4 Bxg2 21.Nxg2 Qc6 22.Rac1 Ng4
23.Bd4 Rxc1 24.Qxc1 Qd7 25.Qf4 Nf6 26.Bb2 Bd8 27.Rxe8+ Nxe8 28.Qd4 Qxd4  1/2-1/2

[Event "Bundesliga 9394"]
[Site "Germany"]
[Date "1994.??.??"]
[Round "?"]
[White "Troyke, Christian"]
[Black "Schaefer, Markus"]
[Result "1/2-1/2"]
[WhiteElo "2375"]
[BlackElo "2460"]

1.g3 d5 2.Nf3 Nf6 3.Bg2 g6 4.O-O Bg7 5.d4 O-O 6.c4 dxc4 7.Na3 c3 8.bxc3 c5
9.e3 Nc6 10.Bb2 Bf5 11.Qe2 Rc8 12.Rfc1 Be4 13.Bh3 Bf5 14.Bg2 Be4 15.Bh3 Bf5
16.Bg2  1/2-1/2

[Event "Oberliga Nord N9495"]
[Site "Germany"]
[Date "1994.??.??"]
[Round "?"]
[White "Sommerfeld, Armin"]
[Black "Storm, Roland"]
[Result "1/2-1/2"]
[WhiteElo "2250"]
[BlackElo "2310"]

1.Nf3 d5 2.g3 e6 3.Bg2 f5 4.O-O Nf6 5.d3 c5 6.Nbd2 Nc6 7.c3 Be7 8.a3 O-O
9.b4 d4 10.b5 dxc3 11.bxc6 cxd2 12.Bxd2 bxc6 13.Ne5 Bb7 14.Qb3 Qc8 15.Rab1 Rb8
16.Bf4 Bd6 17.Ng6 Ba6 18.Bxd6 Rxb3 19.Ne7+ Kf7 20.Nxc8 Rxb1 21.Rxb1 Rxc8
22.Bxc5 Nd5 23.Rb3 Rc7 24.Kf1 Bb5 25.Ke1 Rd7 26.d4 a5 27.Kd2 a4 28.Rb1 Nf6
29.h3 e5 30.e3 Ne4+ 31.Bxe4 fxe4 32.Kc3  1/2-1/2

[Event "Landesliga S9495 Bayern"]
[Site "Germany"]
[Date "1994.??.??"]
[Round "4"]
[White "Awenius, Andreas"]
[Black "Molineus, Stefan"]
[Result "0-1"]
[WhiteElo "2180"]
[BlackElo "2180"]

1.Nf3 d5 2.g3 c6 3.Bg2 Bg4 4.d3 Nd7 5.Nbd2 e6 6.e4 Bd6 7.h3 Bh5 8.O-O Ne7
9.Qe1 Bc7 10.Nh2 f6 11.f4 Bf7 12.Ndf3 h6 13.f5 dxe4 14.dxe4 exf5 15.exf5 Bc4
16.Nd4 Bb6 17.Rf4 Ne5 18.Be3 Qd7 19.Ndf3 Bxe3+ 20.Qxe3 Nd5 21.Nxe5 Nxe3 22.Nxd7 Kxd7
23.Nf1 Bxf1 24.Bxf1 Rhe8 25.Bd3 Re5 26.Re4 Rae8 27.Rxe5 Rxe5 28.Re1 Kd6 29.Kf2 Nxf5
30.Rxe5 Kxe5 31.c3 h5 32.Kf3 h4 33.g4 Nd6 34.Ke3 Nf7 35.Bf1 Ng5 36.Bg2 g6
37.Bf1 Ne6 38.Bg2 f5 39.gxf5 gxf5 40.Bf1 Nc5 41.b4 Ne4 42.c4 f4+ 43.Kd3 Ng5
44.Bg2 f3 45.Bf1 Kf4 46.c5 Ne4 47.Kd4 Nd2 48.Bd3 a6  0-1

[Event "USA-ARM"]
[Site "Glendale"]
[Date "1994.??.??"]
[Round "4"]
[White "Vaganian, Rafael A"]
[Black "Kaidanov, Grigory S"]
[Result "1-0"]
[WhiteElo "2625"]
[BlackElo "2645"]

1.Nf3 d5 2.g3 c6 3.Bg2 Bg4 4.O-O Nd7 5.d3 Ngf6 6.Nbd2 e5 7.e4 Be7 8.h3 Bh5
9.Qe1 Qc7 10.Nh4 O-O 11.Nf5 Bc5 12.Nb3 Bb6 13.a4 a5 14.Be3 Rfe8 15.Kh1 dxe4
16.dxe4 Bg6 17.Bxb6 Nxb6 18.Nh4 Nc4 19.Qc3 b5 20.Rfe1 Qb6 21.Kg1 Red8 22.Nxg6 hxg6
23.Bf1 Qa6 24.Kg2 Nd7 25.Red1 Ndb6 26.Nc5 Qc8 27.b3 b4 28.Qe1 Na3 29.Rac1 Rxd1
30.Qxd1 Qf8 31.Nd3 Rd8 32.c3 c5 33.cxb4 cxb4 34.Rc6 Rd6 35.Qc1 f6 36.Qc5 Rxc6
37.Qxc6 Qd8 38.Nc5 Nb1 39.Ne6 Qb8 40.Ba6 Qa8 41.Qc7  1-0

[Event "Goch op"]
[Site "Goch"]
[Date "1994.??.??"]
[Round "3"]
[White "Niemann, Peter"]
[Black "Wijnhoven, Theo"]
[Result "1/2-1/2"]
[WhiteElo "1875"]
[BlackElo "2115"]

1.Nf3 d5 2.g3 g6 3.Bg2 Bg7 4.d4 c6 5.O-O Nf6 6.b3 O-O 7.Bb2 Qc7 8.Nbd2 b6
9.c4 e6 10.Rc1 Bb7 11.cxd5 exd5 12.Ne5 Nbd7 13.Nd3 Rfe8 14.Re1 Qd6 15.Nf3 Rac8
16.Nfe5 Ne4 17.Bh3 f5 18.f4 Qe6 19.Ba3 Bf8 20.Bxf8 Rxf8 21.Nxd7 Qxd7 22.Ne5 Qd6
23.Bg2 Nf6 24.Qd2 Rc7 25.Rc2 Rfc8 26.Rec1 Ne8 27.e3 Ng7 28.Bf1 Ne6 29.Bg2 Kg7
30.Rd1 Rd8 31.Rdc1 c5 32.dxc5 bxc5 33.Rd1 d4 34.Bxb7 Rxb7 35.exd4 Nxd4 36.Kf2 Qd5
37.Qc3 Qe4 38.Nf3 Kh6 39.Nxd4 cxd4 40.Qd2 d3 41.Rc4 Qe6 42.Re1 Qb6+ 43.Qe3 Qa5
44.Ra4 Qc3 45.Rd1 Qb2+ 46.Rd2 Qc1 47.Qe1 Qc3 48.Rc4 Qa5 49.Qe3 Rbd7 50.Rc5 Qb4
51.Rc4  1/2-1/2

[Event "Graz-ch"]
[Site "Graz"]
[Date "1994.??.??"]
[Round "2"]
[White "Stuhlik, Marko"]
[Black "Peisser, Manfred"]
[Result "1-0"]
[WhiteElo "2170"]
[BlackElo "2085"]

1.Nf3 d5 2.g3 Nf6 3.Bg2 c6 4.b3 Bf5 5.Bb2 e6 6.d3 Bc5 7.h3 h6 8.Nbd2 O-O
9.O-O Nbd7 10.Nh4 Bh7 11.e4 Qc7 12.e5 Ne8 13.Kh2 g5 14.Nhf3 Ng7 15.Qe2 Qb6
16.h4 g4 17.Ne1 h5 18.c3 Be7 19.f3 Bf5 20.Bc1 Qd8 21.Rh1 f6 22.f4 fxe5 23.fxe5 Bg6
24.Nf1 Rf5 25.d4 Qf8 26.Nd3 Qd8 27.Bh6 Nf8 28.Ne3 Rf7 29.Nf4 Kh7 30.Bxg7 Kxg7
31.Rhf1 Qe8 32.c4 Rc8 33.c5 Rc7 34.Nxg6 Nxg6 35.Rxf7+ Qxf7 36.Rf1 Qg8 37.Qf2 Bd8
38.Kg1 Rf7 39.Qd2 Rxf1+ 40.Bxf1 Qf7 41.Qf2 Ba5 42.Bd3 Nf8 43.Nc2 Bd8 44.Qxf7+ Kxf7
45.Kf2 Kg7 46.Ke3 Kh6 47.b4 a6 48.a4 Bc7 49.Ne1 Bd8 50.Ng2 Bc7 51.Kd2 Bd8
52.Ke2 Bc7 53.Ke3 Bd8 54.Nf4 Bc7 55.b5 axb5 56.axb5 cxb5 57.Bxb5 Ba5 58.Be8 Be1
59.Nxh5 Ng6 60.Nf6 Nxe5 61.dxe5 Bxg3 62.Nxg4+ Kg7 63.h5 Bh4 64.Bd7 Kf7 65.Bc8 Bg5+
66.Kd4 Bc1 67.Bxb7 Bb2+ 68.Kd3  1-0

[Event "Graz op"]
[Site "Graz"]
[Date "1994.??.??"]
[Round "2"]
[White "Ebner, Walter"]
[Black "Dizdar, Goran"]
[Result "0-1"]
[WhiteElo "2235"]
[BlackElo "2465"]

1.Nf3 d5 2.g3 Bg4 3.Bg2 c6 4.d3 e6 5.Nbd2 Bd6 6.O-O Ne7 7.c4 O-O 8.Rb1 a5
9.b3 b5 10.Bb2 Nd7 11.Re1 Qc7 12.Qc2 Qa7 13.e4 Rac8 14.Nf1 Rfd8 15.a3 b4
16.a4 Bxf3 17.Bxf3 Bc5 18.Ne3 Bd4 19.Qe2 Bxb2 20.Qxb2 Nc5 21.Red1 dxe4 22.dxe4 Qc7
23.Bg2 f6 24.Qe2 Rxd1+ 25.Qxd1 Ng6 26.Bh3 Rd8 27.Qe2 Ne5 28.Rd1 Rxd1+ 29.Qxd1 Qd7
30.Qxd7 Nexd7 31.Nc2 Kf7 32.Nd4 Nb8 33.f4 e5 34.fxe5 fxe5 35.Nf3 Nxb3 36.Nxe5+ Ke7
37.Nd3 Na6 38.Nb2 Kd6 39.Kf2 Nac5 40.Ke3 Ke5 41.Bg4 Nc1 42.Bd1 Na2 43.h3 Nc3
44.Bc2 h6 45.h4 b3 46.Bd1 N3xa4 47.Nxa4 Nxa4 48.Bxb3 Nc5 49.Bc2 a4 50.Bb1 a3
51.h5 Nb3 52.c5 Nc1  0-1

[Event "Graz-ch"]
[Site "Graz"]
[Date "1994.??.??"]
[Round "2"]
[White "Knaus, O."]
[Black "Krumpacnik, Domen"]
[Result "1/2-1/2"]
[WhiteElo "1940"]
[BlackElo "2320"]

1.Nf3 d5 2.g3 Nf6 3.Bg2 Bg4 4.b3 Nbd7 5.Bb2 e6 6.c4 c6 7.O-O Bd6 8.d4 Qe7
9.Ne5 Bh5 10.Nd2 O-O 11.Ndf3 Ne4 12.Nxd7 Qxd7 13.Ne5 Qe7 14.f3 Nf6 15.c5 Bxe5
16.dxe5 Nd7 17.Qc2 Rfc8 18.Rac1 b6 19.Bd4 bxc5 20.Bxc5 Nxc5 21.Qxc5 Qc7 22.g4 Bg6
23.f4 h5 24.f5 Bh7 25.e4 Qxe5 26.fxe6 fxe6 27.exd5 exd5 28.Rce1 Qg5 29.gxh5 Qxh5
30.Qd6 Bd3 31.Qe6+ Kh8 32.Rf3 Re8 33.Rh3 Rxe6 34.Rxh5+ Rh6 35.Rxh6+ gxh6
36.Re6 Rc8 37.Rxh6+ Kg7 38.Rd6 Bf5 39.Kf2 Kf7 40.Ke3 Ke7 41.Rh6 Rg8 42.Bf3 Be6
43.h4 Kd6 44.b4 Ke5 45.Rh5+ Bf5 46.Rg5 Rxg5 47.hxg5 Bb1 48.a3 Kf5 49.b5 cxb5
50.Bxd5 Bc2 51.g6 Kxg6 52.Be4+ Bxe4 53.Kxe4 Kf6 54.Kd5 Ke7 55.Kc6 a6 56.Kb6 Kd6
57.Kxa6 Kc6 58.Ka5 Kc5 59.Ka6  1/2-1/2

[Event "Graz-ch"]
[Site "Graz"]
[Date "1994.??.??"]
[Round "4"]
[White "Knaus, O."]
[Black "Krachler, H."]
[Result "0-1"]
[WhiteElo "1940"]
[BlackElo "1925"]

1.Nf3 d5 2.g3 Nf6 3.Bg2 g6 4.b3 Bg7 5.Bb2 c5 6.O-O O-O 7.c4 d4 8.d3 Nc6 9.a3 a5
10.Nbd2 e5 11.Ne1 Be6 12.Ne4 Nxe4 13.dxe4 Qc7 14.Nd3 b6 15.Qc2 Ne7 16.Rab1 Nc8
17.f4 f6 18.Bc1 Nd6 19.a4 Rae8 20.Kh1 Qd7 21.Nf2 Kh8 22.Ra1 f5 23.fxe5 Nf7
24.Nd3 Nxe5 25.Nf4 fxe4 26.Nxe6 Rxf1+ 27.Bxf1 d3 28.exd3 exd3 29.Qd1 Qxe6
30.Bb2 Ng4 31.Bxg7+ Kxg7 32.Qd2 Qf6 33.Rc1 Qf2 34.Rd1 Re2  0-1

[Event "Graz-ch"]
[Site "Graz"]
[Date "1994.??.??"]
[Round "4"]
[White "Ebner, Walter"]
[Black "Liebmann, A."]
[Result "1-0"]
[WhiteElo "2170"]
[BlackElo "1950"]

1.Nf3 d5 2.g3 Nf6 3.Bg2 c6 4.d3 Bg4 5.Nbd2 Nbd7 6.h3 Bh5 7.O-O h6 8.c4 e5
9.b3 Bc5 10.Rb1 Qe7 11.Nh4 O-O 12.Nf5 Qe6 13.b4 Bb6 14.g4 Bg6 15.e4 dxc4
16.dxc4 c5 17.a3 Rfd8 18.Qe2 Rac8 19.Rd1 Nf8 20.Bb2 Qe8 21.Nf1 Qa4 22.Ne7+ Kh7
23.Nxc8 Rxc8 24.Bxe5 Qxa3 25.Ra1  1-0

[Event "Graz-ch"]
[Site "Graz"]
[Date "1994.??.??"]
[Round "6"]
[White "Ebner, Walter"]
[Black "Maier, Gerald"]
[Result "1-0"]
[WhiteElo "2170"]
[BlackElo "2030"]

1.Nf3 d5 2.g3 c5 3.Bg2 Nc6 4.O-O e5 5.d3 Nf6 6.Nbd2 Be7 7.e4 d4 8.h3 h6 9.Nc4 Qc7
10.a4 Be6 11.Na3 a6 12.Nh4 Qd7 13.Kh2 g5 14.Nf5 Bxf5 15.exf5 Qxf5 16.Nc4 h5
17.f4 gxf4 18.gxf4 Rg8 19.fxe5 Qg6 20.Bxc6+ bxc6 21.Qf3 Nd5 22.Bd2 O-O-O
23.Rg1 Qe6 24.Raf1 f6 25.exf6 Nxf6 26.Re1 Bd6+ 27.Bf4 Qd5 28.Nb6+  1-0

[Event "Graz-ch"]
[Site "Graz"]
[Date "1994.??.??"]
[Round "7"]
[White "Ebner, Walter"]
[Black "Eferl, R."]
[Result "0-1"]
[WhiteElo "2170"]
[BlackElo "2100"]

1.Nf3 d5 2.g3 Nf6 3.Bg2 c6 4.d3 Bg4 5.Nbd2 e6 6.O-O Bd6 7.Re1 O-O 8.e4 Nbd7
9.h3 Bh5 10.c3 Qb6 11.Nf1 dxe4 12.dxe4 Bc5 13.Qc2 Rad8 14.b4 Bd6 15.Nh4 c5
16.Be3 Qc7 17.f4 cxb4 18.Rac1 bxc3 19.Qb3 Rc8 20.e5 Nxe5 21.fxe5 Bxe5 22.g4 Bg6
23.Nxg6 hxg6 24.Bxa7 Rfd8 25.Bb6 Bd4+ 26.Bxd4 Rxd4 27.Re3 c2 28.Re2 Rc4 29.Ne3 Rc3
30.Rexc2 Rxb3 31.axb3 Qg3 32.Rxc8+ Kh7 33.Nf1 Qxb3 34.Rb8 Nd5 35.Rcc8 g5
36.Rf8 Qb6+ 37.Kh1 Qf2 38.Rbe8 Nf4 39.Ne3 Qxe3 40.Rxf7 Qe1+ 41.Kh2 Qf2 42.Rxf4 gxf4
43.Rf8 e5 44.Kh1 Qe1+ 45.Kh2 b5 46.Rf5 g6 47.Rf7+ Kg8 48.Rf6 Kg7 49.g5 Qg3+
50.Kh1 Qxg5 51.Rb6 Qg3 52.Rxb5 f3 53.Rb7+ Kh6 54.Bf1 e4 55.h4 Qxh4+ 56.Kg1 Qg3+
57.Kh1 e3  0-1

[Event "Graz-ch"]
[Site "Graz"]
[Date "1994.??.??"]
[Round "8"]
[White "Stuhlik, Marko"]
[Black "Eferl, R."]
[Result "1-0"]
[WhiteElo "2170"]
[BlackElo "2100"]

1.Nf3 d5 2.g3 Nf6 3.Bg2 c6 4.b3 Bg4 5.Bb2 e6 6.c4 Be7 7.O-O Nbd7 8.d3 O-O
9.Nbd2 Qa5 10.h3 Bxf3 11.Nxf3 Ba3 12.Qc1 Bxb2 13.Qxb2 Qc7 14.Rac1 Rad8 15.Rfd1 Rfe8
16.b4 Qd6 17.b5 e5 18.bxc6 bxc6 19.cxd5 cxd5 20.Qb7 Rb8 21.Rc6 Rxb7 22.Rxd6 Rc8
23.e3 Kf8 24.Nh4 Rb6 25.Rxb6 axb6 26.Rd2 Rc3 27.f4 e4 28.dxe4 dxe4 29.Bxe4 Nxe4
30.Rxd7 Nxg3 31.Kf2 Ne4+ 32.Kf3 Nf6 33.Rb7 g6 34.Rxb6 Rxe3+ 35.Kxe3 Nd5+
36.Kd4 Nxb6 37.Kc5 Na4+ 38.Kb4 Nb2 39.a4 Nd3+ 40.Kb5 Nxf4 41.a5 Ne6 42.Kb6 Ke7
43.a6 Kd8 44.a7 Nc7 45.Kb7 h6 46.Ng2 g5 47.Ne3 h5 48.Nf5 Kd7 49.Ng3 Na8 50.Ne4 f5
51.Kxa8 Kc7 52.Nxg5 Kc8 53.Ne6  1-0